General knowledge quiz #9 - Statistics

General Stats
  • This quiz has been taken 47 times
  • The average score is 9 of 20
Answer Stats
Hint Answer % Correct
What galaxy is planet earth in Milky way
92%
What country is known as the land down under Australia
76%
What does bueno mean in English Good
76%
What store can you buy both a bunk bed and Swedish meatballs Ikea
73%
what is (5+6)^2 121
65%
Out of these animals which are humans most closely related to bears, squirrels, kangaroos, or raccoons. Bears
62%
What is the number of lives a cat has 9
57%
What language has the highest number of native speakers Mandarin
57%
What’s Disney animated movie included the songs I just can’t wait to be king, and the circle of life Lion king
54%
Mutations, natural selection and time are all important factors in what scientific process Evolution
46%
What is the study of life known as Biology
43%
Who is the best selling rapper of all time(this shocked me) Eminem
38%
What is the 3rd biggest country in South America Peru
38%
What drink brings all the boys to the yard Milkshake
32%
What island appears larger then africa due to the Mercator projection Greenland
30%
What Burmese snake invaded the Everglades of Florida and caused much environmental damage Python
24%
What is the biggest island in the Hawaiian island chain Hawaii
19%
The battle that took place at this fort kicked off the american civil war what fort is this Sumter
19%
What is the name of the richest sports team in america Cowboys
14%
What is the third biggest country in asia(not counting Russia) Kazakstan
5%
No matching quizzes found
Score Distribution
Percent of People with Each Score
Percentile by Number Answered
Your Score History
You have not taken this quiz